| 000 | 00563nam a2200205Ia 4500 | ||
|---|---|---|---|
| 005 | 20250508165706.0 | ||
| 008 | 008 250505s9999 xx 000 0 eng d | ||
| 037 | _aPeriodicals | ||
| 040 |
_aFEDL _beng _cFEDL |
||
| 041 |
_aeng _2eng |
||
| 084 |
_a575.01, LOV/O _qFEDL |
||
| 100 |
_aLovelock James _9781637 |
||
| 245 | 0 | _aAges of gaia : a biography of our living earth | |
| 260 |
_aNew York, USA _bBantam Books _c1990 |
||
| 300 | _a252p. | ||
| 365 |
_aINR _b185 |
||
| 546 | _aCSEC | ||
| 942 |
_cCR _h575.01, LOV/O |
||
| 999 |
_c1396791 _d1396791 |
||